[Event "Linares 15th"]
[Site "Linares"]
[Date "1998.03.04"]
[Round "10"]
[White "Topalov, Veselin"]
[Black "Shirov, Alexei"]
[Result "0-1"]
[WhiteElo "2740"]
[BlackElo "2710"]
[Annotator "Mueller,Karsten"]
[PlyCount "106"]
[EventDate "1998.02.22"]
[EventType "tourn"]
[EventRounds "12"]
[EventCountry "ESP"]
[EventCategory "21"]
[SourceTitle "100 Jahre Schach"]
[Source "ChessBase"]
[SourceDate "2000.04.19"]
[SourceVersion "1"]
[SourceVersionDate "2000.04.19"]
[SourceQuality "1"]

{Weltklassegroßmeister Alexei Shirov, der wie der unvergessene "Magier"
Michail Tal aus Riga stammt, gilt schon lange als äußerst kreativer Spieler.
Doch mit 47...Lh3!!, was im ungleichfarbigen Läuferendspiel einfach den Läufer
"einstellt", fand er einen so außergewöhnlichen Zug, daß das renomierte
British Chess Magazine sogar eine Suche nach dem "Most Amazing Move (MAM)"
aller Zeiten startete. Jan Timman nahm "Shirovs Geniestreich" - wie die
Zeitschrift Schach es nannte - zum Anlaß, im New in Chess Magazine die Frage
zu untersuchen, ob die Stellung als Endspielstudie taugt. Er kommt zum
Ergebnis, daß dies der Fall ist (und auch meine Ausführungen drehen sich
hauptsächlich um diese Frage):} 1. d4 Nf6 2. c4 g6 3. Nc3 d5 4. cxd5 Nxd5 5. e4
Nxc3 6. bxc3 Bg7 7. Bb5+ c6 8. Ba4 O-O 9. Ne2 Nd7 (9... c5 10. O-O Nc6 11. Be3
Qc7 12. Rc1 e6 13. Bf4 $14 {Kramnik-Moutousis/Arnhem/1992/ (18)}) (9... e5 10.
O-O Qe7 11. Bc2 Rd8 12. a4 Be6 13. Ba3 Qe8 $1 $132 {Kramnik,V-Stohl,I/
Chalkidiki/1992/ (17)}) 10. O-O e5 11. f3 (11. Bb3 Qe7 12. Qc2 Re8 13. f3 Nb6
14. a4 $14 {Kiselev,S-Rogozenko,D/Bucuresti 1993/Inf 57 (24)}) (11. Ba3 Re8 12.
Bb3 Nb6 $6 (12... exd4 $5 $132 {(Shirov,A)}) 13. f4 exd4 14. f5 gxf5 15. Ng3
$40 {Shirov,A-Smejkal,J/GER-chT/1992/}) 11... Qe7 12. Be3 Rd8 $1 (12... b5 13.
Bb3 Rd8 14. a4 $14 {0-1 Dimitrijeski,K-Stephan,A/Leipzig 1995/JUN 95 (47)}) 13.
Qc2 (13. Qc1 $5) 13... Nb6 14. Bb3 Be6 15. Rad1 (15. f4 exf4 16. Bxe6 fxe6 17.
Bxf4 Nc4 $11 {(Ftacnik)}) 15... Nc4 $5 16. Bc1 b5 $1 17. f4 $1 {"Topalov has
to exploit his central pawn majority in an attempt to compensate for the
knight on c4."(Ftacnik)} exd4 (17... f6 18. dxe5 fxe5 19. f5 $36 {(Shirov,A)})
18. Nxd4 Bg4 19. Rde1 (19. Rd3 $2 Qxe4 $19 {(Ftacnik)}) 19... Qc5 20. Kh1 a5 $5
(20... Bxd4 21. cxd4 Qxd4 22. f5 $40 {(Ftacnik)}) 21. h3 $1 Bd7 $6 (21... a4
22. hxg4 axb3 23. axb3 Na3 24. Qf2 Qxc3 25. Bb2 Bxd4 26. Bxc3 Bxf2 27. Rxf2 c5
$13 {(Shirov,A)}) (21... Bc8 $5 {(Shirov,A)}) 22. a4 bxa4 23. Ba2 $1 {erhält
den Druck gegen den nunmehr entwurzelten Springer c4 aufrecht} Be8 $2 (23...
Nd6 24. Be3 Nb5 25. Nxb5 Qxb5 26. f5 $40 {(Shirov,A)}) (23... Bc8 $5 {(Shirov,
A)}) 24. e5 $18 {(Shirov,A)} (24. Qxa4 $2 Nb6 25. Qb3 a4 26. Qa3 $15 {(Ftacnik)
}) 24... Nb6 (24... Nxe5 $2 25. fxe5 Rxd4 26. Be3 Bxe5 27. Bxd4 Bxd4 28. Rxe8+
$18) (24... Rab8 25. e6 Nb6 26. exf7+ Bxf7 27. Bxf7+ Kxf7 28. Ne6 Qxc3 29.
Nxd8+ Rxd8 30. Qe4 $40) 25. f5 Nd5 (25... Rxd4 26. Be3 Rad8 27. Re2 $18 {
(Shirov,A)}) 26. Bd2 $2 {erlaubt den Abtausch des Springers gegen den
weißfeldrigen Läufer. Statt dessen hätte Topalov den Angriff weiter fortsetzen
sollen:} (26. Rf3 $18 {(Shirov,A)}) (26. f6 $1 {(Kasparov)} Qxc3 (26... Bh8 27.
e6 $18) (26... Bf8 27. e6 Nxc3 (27... Qxc3 28. Bxd5 Qxc2 29. Nxc2 Rxd5 30. e7
$16 {(Kasparov)}) 28. exf7+ Bxf7 29. Bxf7+ $18 {(Kasparov)} Kxf7 30. Ne6 Qc4
31. Rf3 Bb4 32. Ng5+ $18) 27. Bxd5 (27. fxg7 Qxd4 28. e6 $18 {(Shirov,A)})
27... Qxd4 28. Bc4 Bf8 29. e6 $18) 26... Nb4 $1 27. Qxa4 (27. cxb4 $2 Qxc2 28.
Nxc2 Rxd2 $19) 27... Nxa2 28. Qxa2 Bxe5 29. fxg6 (29. Re4 Bg7 30. fxg6 (30. Bg5
$6 Rd5 $17 {(Ftacnik)}) 30... hxg6 31. Rxe8+ Rxe8 32. Qxf7+ Kh7 33. Ne6 Rxe6
34. Qxe6 Qd5 $15 {/-/+}) 29... hxg6 30. Bg5 Rd5 $1 {"Two bishops and a spare
pawn favour black, but he has to survive the dangers of white attack."(Ftacnik)
} 31. Re3 (31. Ne2 a4 $17 {(Ftacnik)}) 31... Qd6 $2 (31... Bxd4 32. cxd4 Qxd4
$17 33. Qe2 $140 Bd7 34. Bf6 Qd2 35. Qxd2 Rxd2 {(Shirov,A)}) 32. Qe2 $44 {
(Shirov,A)} Bd7 (32... c5 $2 33. Nf3 f6 34. c4 $18) 33. c4 (33. Nf3 $5 Bg3 34.
c4 Rf5 35. Rd1 Qc7 36. Qb2 $44) 33... Bxd4 34. cxd5 $2 (34. Be7 $1 {(Kasparov)}
Re8 (34... Qb8 35. cxd5 Bxe3 36. Qxe3 $13) 35. Bxd6 (35. cxd5 $2 Qxd5 $17)
35... Rxe3 36. Qxe3 Bxe3 37. cxd5 cxd5 $11 {(Shirov,A)}) 34... Bxe3 35. Qxe3
Re8 $1 36. Qc3 (36. Qc1 $6 Qxd5 37. Bf6 $2 Bxh3 $1 $19 {(Ftacnik)}) 36... Qxd5
37. Bh6 (37. Bf6 $2 Re2 $19 {(Ftacnik)}) 37... Re5 {"White still preserves
drawing chances due to the opposite colour bishops."(Ftacnik)} 38. Rf3 (38. Re1
$2 Bxh3 $1 $19 {(Ftacnik)}) (38. Rb1 $2 Bxh3 39. Qxh3 Rh5 $19 {(Ftacnik)})
38... Qc5 39. Qa1 (39. Qxc5 Rxc5 40. Ra3 Be6 41. Bd2 Rc2 42. Bxa5 Bd5 43. Rg3
$17 {(Ftacnik)}) 39... Bf5 $2 (39... g5 $1 $17 {(Shirov,A)}) 40. Re3 $1 f6 (
40... Rxe3 $4 41. Qg7#) 41. Rxe5 Qxe5 42. Qa2+ $2 (42. Qa3 $1 Qe1+ (42... Kf7
43. Bd2 $11) 43. Kh2 Qb4 44. Qa2+ Kh7 45. Bd2 Qd6+ 46. Kh1 $11 {(Shirov,A)})
42... Qd5 43. Qxd5+ $6 (43. Qa3 $5 Kf7 $17 (43... c5 $2 44. Qxa5 Bxh3 45. Qd2
Bxg2+ (45... Qc6 46. Kg1 $15 {(Shirov,A)}) 46. Qxg2 Qh5+ 47. Qh2 Qxh2+ 48. Kxh2
$11 {(Shirov,A.)})) 43... cxd5 44. Bd2 a4 45. Bc3 Kf7 46. h4 (46. Kg1 g5 $17 {
(Shirov,A)}) 46... Ke6 47. Kg1 Bh3 $3 {[%mdl 4608] "Fascinating idea of Shirov,
since black has to push his two pawns a4,d5 as quickly as possible. The bishop
would obstruct the way of the king on the natural square e4, on h3 it wins a
precious tempo." (Ftacnik) ""Shirovs Geniestreich" they call it in the April
issue of Schach. It's a very sharp way of highlighting the bishop's relative
value in endgames with opposite-coloured bishops." (Timman)  Zu diesem
unglaublichen Zug gab es naturgemäß eine ganze Reihe von Kommentaren in der
Schachpresse, von denen ich einige zusammengestellt habe: ""Was ist das?
Schwarz schmeißt einfach so einen ganzen Läufer über Bord? Da stimmt doch
etwas mit dem Diagramm nicht, auf h3 muß etwas gestanden haben!" So ähnlich
war mein erster Gedanke, als ich auf der Zugreise von Madrid nach Linares in
einer spanischen Zeitung auf die Diagrammstellung stieß. Doch es ging alles
mit rechten Dingen zu! An mangelnder Phantasie hat Schirow ja noch nie
gelitten; wahrscheinlich sah er den Textzug als logisch an: Schließlich werden
die weißen Bauern verdoppelt, und der schwarze König dringt unter Tempogewinn
ins weiße Lager ein, von wo aus er den Vormarsch der Freibauern koordiniert!" 
(Poldauf)} (47... Be4 $2 48. g3 Kf5 49. Kf2 a3 50. Ke3 (50. Ba1 Bh1 51. Ke3 Kg4
52. Bxf6 (52. Kf2 $2 f5 53. Be5 a2 54. Bb2 f4 55. gxf4 Kxh4 56. Ke3 Be4 57. Kf2
Kg4 58. Ke3 (58. Be5 Kf5 59. Ke3 g5 $19) 58... Kg3 59. Ba1 Kg2 60. Be5 (60. Ke2
Bf5 61. Bd4 Bg4+ 62. Ke3 Kf1 63. Kd2 Be2 64. Kc1 Kg2 65. Kb2 Bc4 $19) 60... Kf1
61. Bc3 Bf5 $22 62. Kd2 (62. Kf3 d4 63. Bxd4 Ke1 64. Ke3 Kd1 $19) 62... Kf2 63.
Bb2 Kf3 64. Be5 Bb1 $19) 52... Kxg3 53. Ke2 a2 (53... d4 54. Bxd4 Kxh4 55. Bf6+
g5 56. Kd2 $11) 54. Ke3 Kg4 55. Ke2 Kf5 56. Ba1 Ke4 57. Kd2 d4 58. Bb2 Bf3 59.
Ba1 d3 60. Bf6 Bg4 61. Ba1 Bf5 62. Bb2 Kf4 63. Bc3 Kg4 64. Bf6 a1=Q 65. Bxa1
Kxh4 66. Bf6+ g5 67. Ke3 Kh5 68. Bc3 g4 69. Be1 (69. Kf4 $2 Kh4 70. Ke3 (70.
Kxf5 g3 $19) (70. Be1+ Kh3 71. Ke3 g3 72. Kf3 g2 73. Bf2 Kh2 $19) 70... g3 71.
Kd2 Kh3 72. Bd4 Kg2 73. Be5 Kf2 $19) 69... Kg5 70. Bg3 Kf6 71. Bh2 Ke6 72. Bg3
Kd5 73. Bf2 Kc4 74. Be1 Bc8 75. Ba5 Bb7 76. Kf4 Bf3 77. Ke3 Bg2 78. Kf4 Bh3 79.
Ke3 g3 80. Kd2 Kd4 81. Bc7 g2 82. Bb6+ Ke4 83. Bg1 $11) 50... Kg4 51. Bxf6 Kxg3
52. Ke2 d4 (52... a2 53. Ke3 Bf3 54. Kd2 d4 55. Bxd4 Kxh4 56. Kc1 $11) (52...
Kf4 53. Kd2 {siehe unter 50.La1}) 53. Bxd4 Kxh4 54. Kd2 g5 55. Kc3 a2 56. Kb2
Bd5 57. Bf6 Kg4 58. Bxg5 Kxg5 59. Ka1 $11) (47... Kd6 $2 48. Kf2 Kc5 49. Ke3
$11) 48. gxh3 (48. Kf2 Kf5 49. Kf3 Bxg2+ 50. Kxg2 Ke4 $19 {(Shirov,A)}) 48...
Kf5 $8 (48... f5 $2 49. Kf2 Kd6 50. Ke3 (50. Bd4 Kc6 (50... a3 51. Ke3 Kc6 52.
Kf4 Kb5 53. h5 gxh5 54. Kxf5 Kc4 55. Ke5 h4 56. Ba7 Kd3 57. Kxd5 a2 58. Bd4
a1=Q 59. Bxa1 Ke3 $11) 51. Ke3 Kb5 52. Kd3 a3 53. Be5 a2 54. Ba1 Kc5 55. Kc3 f4
56. Kd3 Kb4 57. Ke2 Kc4 58. Kf3 d4 59. Kxf4 Kd5 60. Kf3 Ke5 61. Bb2 Kd5 62. Kf4
Kc4 63. Ba1 Kd5 $11) 50... Kc5 51. Kd3 (51. Bd4+ $2 Kc4 52. Bb2 d4+ 53. Bxd4 (
53. Kf4 d3 $19) 53... f4+ 54. Ke4 f3 55. Be3 a3 56. Kxf3 a2 $19) 51... a3 52.
Bf6 a2 53. Be5 f4 54. Ba1 Kb4 55. Ke2 Kc4 56. Kf3 d4 57. Kxf4 Kd5 $11) 49. Kf2
Ke4 $8 50. Bxf6 (50. Ke2 f5 $19 {(Shirov,A)}) (50. Bb4 Kd3 51. Ba3 d4 52. Bb2
f5 53. Kf3 Kc4 54. Ke2 d3+ 55. Kd2 f4 56. Be5 f3 57. Ke3 f2 58. Kxf2 Kb3 $19)
50... d4 $8 51. Be7 (51. Ke2 $6 a3 $19 {(Ftacnik)}) (51. Bg5 Kd3 52. Ke1 Kc2
$19) 51... Kd3 $8 52. Bc5 Kc4 $8 53. Be7 Kb3 (53... Kb3 54. Bc5 d3 55. Ke3 Kc2
56. Bb4 a3 $19 {(Ftacnik) Quellen: New in Chess Magazine Nr. 3/98, S. 11
Analysen der Partie von Dirk Jan ten Geuzendam, der Anregungen von Kasparov
aufnimmt NiC Magazine Nr.4/ 98, "Shirovs recent endgame adventures" von Jan
Timman auf S. 90.  ChessBase Magazin 64, Kommentar von Ftacnik Informator 72
(415), Kommentar von Shirov Schach 4/98 Titelseite und S. 15f von Dirk Poldauf}
) 0-1

[Event "Linares 15th"]
[Site "Linares"]
[Date "1998.03.07"]
[Round "12"]
[White "Topalov, Veselin"]
[Black "Kasparov, Garry"]
[Result "1/2-1/2"]
[WhiteElo "2740"]
[BlackElo "2825"]
[Annotator "ChessBase"]
[PlyCount "38"]
[EventDate "1998.02.22"]
[EventType "tourn"]
[EventRounds "12"]
[EventCountry "ESP"]
[EventCategory "21"]
[SourceTitle "CBM 064"]
[Source "ChessBase"]
[SourceDate "1998.06.02"]
[SourceVersion "1"]
[SourceVersionDate "1998.06.02"]
[SourceQuality "1"]

1. d4 Nf6 2. c4 g6 3. Nc3 d5 4. cxd5 Nxd5 5. e4 Nxc3 6. bxc3 Bg7 7. Bb5+ c6 8.
Ba4 O-O 9. Ne2 c5 10. O-O Nc6 11. Be3 Na5 12. dxc5 (12. Rb1 Nc4 13. Bg5 Qc7 14.
Qd3 Na3 $6 {1-0 Dyachkov,S-Yandemirov,V/Orel 1995/CBM 48 [Ftacnik] (47)}) 12...
Nc4 $1 $146 (12... Qc7 13. Nf4 e6 (13... Nc4 14. Nd5 Nxe3 15. Nxc7 Nxd1 16.
Rfxd1 Rb8 17. Rab1 Be5 18. Nd5 e6 19. Ne7+ Kg7 20. c6 b6 21. c4 Kf6 22. Nxc8
Rfxc8 23. f4 Bxf4 24. Rf1 {1-0 Aleksandrov,A-Yandemirov,V/RUS-Cup8 1997/EXP 58}
) 14. Nd3 b6 15. Bb5 Bb7 16. f3 Rfd8 17. Qc2 {1/2-1/2 Shariyazdanov,A-Dvoirys,
S/RUS-Cup02 1998/CBM 63 (34)}) 13. Qxd8 Rxd8 14. Bg5 Bd7 $1 15. Bb3 Na5 {
/\16... Kf8; 17... Rac8 - קc5 Dokhoian} 16. Bxe7 $8 Re8 17. Bd6 Rxe4 18. Nd4
Nxb3 19. axb3 Bxd4 1/2-1/2

[Event "Amber-rapid 07th"]
[Site "Monte Carlo"]
[Date "1998.03.13"]
[Round "1"]
[White "Piket, Jeroen"]
[Black "Topalov, Veselin"]
[Result "1-0"]
[WhiteElo "2575"]
[BlackElo "2740"]
[PlyCount "89"]
[EventDate "1998.03.13"]
[EventType "tourn (rapid)"]
[EventRounds "11"]
[EventCountry "MNC"]
[EventCategory "18"]
[SourceTitle "CBM 063 Extra"]
[Source "ChessBase"]
[SourceDate "1998.04.29"]
[SourceVersion "1"]
[SourceVersionDate "1998.04.29"]
[SourceQuality "1"]

1. d4 Nf6 2. Nf3 e6 3. c4 c5 4. d5 d6 5. Nc3 exd5 6. cxd5 g6 7. h3 Bg7 8. e4
O-O 9. Be3 Re8 10. Nd2 Bd7 11. a4 Na6 12. Be2 Nb4 13. O-O b6 14. Bf3 Bc8 15.
Nc4 Ba6 16. b3 Nd7 17. Rc1 Ne5 18. Nb5 Bxb5 19. axb5 a6 20. Nxe5 Bxe5 21. Be2
Bf6 22. f3 Qd7 23. bxa6 b5 24. Bd2 Nxa6 25. Kh1 Nc7 26. Bc3 Bxc3 27. Rxc3 Ra2
28. Rc2 Ra3 29. Rd2 Qe7 30. Qc1 Rxb3 31. Ra2 Qf6 32. Rd1 c4 33. Ra7 Re7 34. Qh6
Rb2 35. Bf1 c3 36. Rc1 Qd4 37. Rca1 Qg7 38. Qf4 Qf8 39. Qxd6 c2 40. Qc6 Ne8 41.
Rxe7 Qxe7 42. Bd3 Nd6 43. Bxc2 Qe5 44. f4 Qxf4 45. Qc3 1-0

[Event "Amber-rapid 07th"]
[Site "Monte Carlo"]
[Date "1998.03.15"]
[Round "3"]
[White "Sadler, Matthew D"]
[Black "Topalov, Veselin"]
[Result "1/2-1/2"]
[WhiteElo "2650"]
[BlackElo "2740"]
[PlyCount "145"]
[EventDate "1998.03.13"]
[EventType "tourn (rapid)"]
[EventRounds "11"]
[EventCountry "MNC"]
[EventCategory "18"]
[SourceTitle "CBM 063 Extra"]
[Source "ChessBase"]
[SourceDate "1998.04.29"]
[SourceVersion "1"]
[SourceVersionDate "1998.04.29"]
[SourceQuality "1"]

1. d4 Nf6 2. Nf3 e6 3. c3 b6 4. Bg5 Bb7 5. Nbd2 h6 6. Bxf6 Qxf6 7. e4 g6 8. Bd3
Bg7 9. e5 Qe7 10. Be4 d5 11. exd6 cxd6 12. Qa4+ Kf8 13. Bxb7 Qxb7 14. O-O Bf6
15. Rfe1 Nd7 16. Ne4 Be7 17. c4 Rc8 18. Rad1 Kg7 19. h4 a6 20. h5 b5 21. cxb5
Qxb5 22. Qxb5 axb5 23. hxg6 Kxg6 24. Nc3 Rb8 25. d5 e5 26. Nd4 b4 27. Na4 Bg5
28. Nc6 Rb7 29. Re4 b3 30. Na5 Ra7 31. Nxb3 Rc8 32. Nc3 Rb7 33. Ra4 f5 34. Ra6
Be7 35. Rc6 Ra8 36. Rd2 Kf7 37. Rc2 Rab8 38. Kf1 h5 39. g3 Bf8 40. Nd1 Nf6 41.
Ne3 Kg6 42. Rc8 Bh6 43. Rxb8 Rxb8 44. Rc6 Bxe3 45. fxe3 Ne4 46. Ke1 Kg5 47. Nd2
Nxd2 48. Kxd2 Rxb2+ 49. Kc3 Rxa2 50. Rxd6 Ra3+ 51. Kd2 Kg4 52. Rg6+ Kf3 53. Rg5
Ke4 54. d6 Rd3+ 55. Ke2 Rxe3+ 56. Kf2 Rd3 57. Rxh5 Rd2+ 58. Ke1 Rxd6 59. Ke2
Rg6 60. Kf2 Ra6 61. Rh4+ Kd3 62. Rh5 Ra2+ 63. Kf1 Ke4 64. Rg5 Rb2 65. Rh5 Rb3
66. Kg2 Rf3 67. Rh1 Ra3 68. Rh5 f4 69. gxf4 exf4 70. Rb5 Ra2+ 71. Kf1 Kf3 72.
Rb3+ Kg4 73. Rc3 1/2-1/2

[Event "Amber-rapid 07th"]
[Site "Monte Carlo"]
[Date "1998.03.17"]
[Round "5"]
[White "Van Wely, Loek"]
[Black "Topalov, Veselin"]
[Result "1/2-1/2"]
[WhiteElo "2605"]
[BlackElo "2740"]
[PlyCount "82"]
[EventDate "1998.03.13"]
[EventType "tourn (rapid)"]
[EventRounds "11"]
[EventCountry "MNC"]
[EventCategory "18"]
[SourceTitle "CBM 063 Extra"]
[Source "ChessBase"]
[SourceDate "1998.04.29"]
[SourceVersion "1"]
[SourceVersionDate "1998.04.29"]
[SourceQuality "1"]

1. d4 Nf6 2. c4 e6 3. Nf3 c5 4. e3 a6 5. Nc3 d5 6. cxd5 exd5 7. Be2 Nc6 8. O-O
Bd6 9. b3 cxd4 10. Nxd4 O-O 11. Nxc6 bxc6 12. Bb2 Re8 13. Rc1 h5 14. Na4 Ng4
15. Bxg4 Bxg4 16. Qd4 Be5 17. Qd2 Qf6 18. Bxe5 Rxe5 19. f3 Bf5 20. Rc3 Rae8 21.
Rfc1 Qe7 22. Re1 Qb4 23. Qc1 R8e6 24. Nc5 Rg6 25. Kh1 Qh4 26. Qd2 d4 27. Rc4
dxe3 28. Rxe3 Rd6 29. Qc1 Qe7 30. Rxe5 Qxe5 31. Ne4 Rd4 32. Rxd4 Qxd4 33. Ng3
Bg6 34. Ne2 Qe5 35. Nf4 Bh7 36. h3 h4 37. Qd2 g5 38. Nh5 Bg6 39. Qd8+ Kh7 40.
Nf6+ Kg7 41. Ng4 Qe1+ 1/2-1/2

[Event "Sofia m 25'"]
[Site "Sofia"]
[Date "1998.05.02"]
[Round "1"]
[White "Topalov, Veselin"]
[Black "Kasparov, Garry"]
[Result "0-1"]
[WhiteElo "2740"]
[BlackElo "2825"]
[Annotator "Kostakiev,D"]
[PlyCount "64"]
[EventDate "1998.05.02"]
[EventType "match (rapid)"]
[EventRounds "4"]
[EventCountry "BUL"]
[SourceTitle "CBM 065"]
[Source "ChessBase"]
[SourceDate "1998.08.06"]
[SourceVersion "1"]
[SourceVersionDate "1998.08.06"]
[SourceQuality "1"]

{[%mdl 8208]} {Kostakiev: Bad opening move done by player with very high ECO
level could be repeated many times in the practice without critical remarks. I
think here we have such an example:} 1. Nf3 {King Donev (deutschsprachige
Kommentare)} d5 2. d4 Nf6 3. c4 e6 4. Nc3 Be7 5. Bg5 h6 6. Bh4 O-O 7. e3 b6 8.
Be2 Nbd7 $5 9. cxd5 exd5 10. O-O Bb7 11. Rc1 c5 12. Qa4 a6 13. dxc5 bxc5 {
Sogenannte hängende Bauern.} 14. Rfd1 Qb6 15. Qb3 Qa7 16. Bg3 Rad8 $2 {This
move is played unpunished very often during the last years.   Actually after
17.Nf3-h4! the Black's position would become very difficult. There is an
unwritten (up to now) thumb rule: When the black B is on b7, look carefully at
the weakened point f5, especialy after e6xd5... (Simillary - for the Bg7 and
square c5; Bg2 and c4, as well as Bb2 and square f4).} (16... Rfd8 17. Ne5 Nb6
18. a4 Bd6 {1-0 Lalic,B-Abramovic,B/Ch Yugoslavia 1989}) (16... Rac8 17. Ne5
Rfd8 18. Bf3 Nb6 $14 {1/2-1/2 Sichev,A-Gefenas,V/corr 1993}) 17. Rd2 $5 $146 {
King: Novelty. However, it seems to me that the rooks are more harmoniously
placed when they are protecting each other on the back rank. In certain
circumstances (which Kasparov engineers) there are tactical drawbacks. This is
said with the benefit of hindsight; but still.} (17. Ne1 $6 d4 $15 {1/2-1/2
Karpov,A-Kasparov,G/Wch31-KK1 Moscow 1984} (17... d4 {King} 18. exd4 cxd4 19.
Na4 Rc8 20. Rxc8 Rxc8 21. Bc4 Rf8 22. Qd3 Bc6 23. Bb3 Ne4 24. Qxd4 Qb7 25. Bd5
Ndf6 26. Bxc6 Qxc6 27. b3 Re8 28. Qd3 h5 29. Qc4 Qb7 30. Nf3 Rc8 31. Qe2 Ng4
32. Ne5 Nxg3 33. hxg3 Qb5 34. Nc4 Bf6 35. Nab6 Re8 {1/2-1/2 Karpov,A-Kasparov,
G/Wch31-KK1 1984})) (17. Nh4 $142 $1 {[/\ Xf5;Xd6; /\XBf3:Pd5]} Rfe8 (17... c4
$6 18. Qc2 $16) (17... g6 18. Bf3 $16 Nb8 19. Nxd5 Nxd5 20. Bxd5 $16) 18. Nf5
Bf8 19. Bf3 g6 20. Nd6 $16 Bxd6 21. Bxd6 Ne5 22. Bxe5 $1 (22. Bxc5 $2 Nxf3+ $17
{f.e:} 23. gxf3 Qxc5 24. Qxb7 d4 25. Ne4 Qf5 (25... Nxe4 26. Rxc5 Nxc5 27. Qb6
$18) 26. Ng3 Qg5 27. exd4 Rxd4 28. Qxa6 $16) 22... Rxe5 23. Na4 $18 {i.e:} Nd7
24. Bxd5 Bxd5 25. Rxd5 Rxd5 26. Qxd5 Rb8 27. b3 $18) 17... Rfe8 18. Qd1 $6 (18.
Rcd1 $142 $5 Qa8 (18... Nf8 19. Bc7 Rc8 20. Bg3 Rcd8 $11) 19. Nh4 $14) 18...
Bf8 (18... Qb6 19. b3 Qe6 $11) 19. Bh4 (19. Bd3 Qb6 20. Bf5 d4 21. exd4 Bxf3
22. gxf3 cxd4 23. Rxd4 Nc5 (23... Qxb2 $16 24. Bc7 Rc8 25. Bxd7)) 19... Qa8 {
Mit dem letzten Zug hat der Schwarze die Plätze von Qd8 und Ra8 ausgetauscht.
So werden beide Schwerfiguren besser arbeiten - die Dame auf der grossen
Diagonale und der Turm, der auf der d - Linie den Standarddurchbruch d5-d4
unterstützen kann.} 20. Ne1 (20. Bg3 Be7 21. Nh4 Bf8 22. a3 Ne5 23. Nf5 g6 24.
Bxe5 Rxe5 25. Ng3 $14) 20... Be7 {King: In order to protect the knight on f6
in case the other has to move.} 21. Bg3 (21. Bf3 {King} Ne5) 21... Nf8 22. Nf3
(22. Bc7 Rc8 $11) ({King: Topalov still does not have time for} 22. Bf3 {
King as} Ne6 {threatening ...Ng5, among others is strong.}) 22... Ne6 23. Bh4 (
23. Be5 {King} Ng4 24. Bg3 d4 $5 (24... Nf6 $11) 25. exd4 cxd4 26. Nb1 (26.
Nxd4 Bg5 $17) 26... Bb4 27. Rdc2 Bd6 $36) {Das zeitraubende weisse Spiel (
Nf3-e1-f3, Bh4-g3-h4-g3) ermöglicht dem Nachziehenden einen typischen starken
Durchbruch.} 23... d4 {Auf diese Weise hat der Weltmeister die lange Diagonale
für die Artillerie Q+B geöffnet.} 24. exd4 cxd4 25. Na4 (25. Nxd4 {Donev} Nxd4
26. Rxd4 Bxg2 $17) 25... Nf4 26. Nc5 {[#] Ein schlechter Zug in einer
schwierigen Stellung.Es ist offensichtlich , dass der Generalabtausch auf e2
und f3 gut für Schwarz ist.} (26. Bxf6 $142 {Donev} Bxf6 27. Nc5 Rxe2 28. Rxe2
Bxf3 29. gxf3 Qd5 30. Ne4 $17) (26. Nb6 {Donev} Qa7 27. Bxf6 Bxf6 28. Nc4 Rxe2
$1 29. Rxe2 Bxf3 30. gxf3 Qc5 $19 {hätte glatt verloren.}) 26... Bxc5 $6 (26...
Nxe2+ $5 27. Rxe2 Bxf3 28. gxf3 Qxf3 29. Qd3 (29. Nxa6 $2 Ne4 $19 {f.e:} 30.
Bxe7 (30. Bg3 $2 Ng5 31. h4 Nh3+ 32. Kh2 Nf4 33. Bxf4 Qxf4+ 34. Kh1 Qxh4+ $19)
30... Qg4+ 31. Kh1 Rxe7 32. Rec2 Qh4 33. Qf3 d3 $19) 29... Qf4 30. Rc4 $19 (30.
Bg3 Qxc1+)) 27. Bxf6 (27. Rxc5 Ne4 28. Rf5 (28. Bxd8 {Donev} Nxd2 $19 {und Be2
hängt.}) 28... Nxd2 29. Rxf4 Nxf3+ 30. Bxf3 Bxf3 31. gxf3 $19) 27... d3 $6 (
27... Rxe2 $6 28. Rxe2 Bxf3 29. gxf3 Qc6 $17) (27... Bb4 $1 28. Bf1 (28. Bxd8 {
Donev} Bxd2 {wiederum auf e2 das B mit Schach hängt.} 29. Bf1 Bxc1 30. Qxc1
Nxg2 31. Nh4 Qxd8 32. Nxg2 Qd5 $19) 28... Nh3+ 29. gxh3 Bxf3 30. Be2 Rxe2 31.
Rxe2 gxf6 32. Rc7 Kh8 $19) (27... gxf6 28. Rxc5 Rxe2 29. Rf5 (29. Rxe2 Bxf3 30.
gxf3 Qxf3 (30... Qxf3 {Donev} 31. Qf1 (31. Re8+ Rxe8 32. Qxf3 Re1#) 31... Nxe2+
$19)) 29... Rxd2 30. Qxd2 Nh3+ 31. gxh3 Bxf3) 28. Bxd3 (28. Bf1 {Donev} Ne2+
29. Bxe2 dxe2 30. Qxe2 gxf6 31. Rxd8 Qxd8 $19) 28... Bxf3 29. gxf3 {[#]} Rd5 $5
$138 (29... Rxd3 30. Rxd3 Re1+ (30... Qc8 {[%cal Yc8h3] Donev} 31. Rd8 Rxd8 32.
Qxd8+ Qxd8 33. Bxd8 Ne2+ $19) 31. Qxe1 Nxd3 32. Qd1 Nxc1 33. Qxc1 Qd5 $11) 30.
Bh4 {Im Schach gilt: wer den letzten Fehler macht verliert! Ich kann mir die
Fehler in der Schlußphase nur wegen dem Zeitmangel erklären. Es ist
offensichtlich , dass Schnellschachpartien die Qualität im Schach vermindert!}
(30. Be4 $2 Rxd2 $1 31. Qxd2 Rxe4 $3 32. Rxc5 (32. Qd8+ Qxd8 33. Bxd8 Rd4 $19)
(32. fxe4 {Donev} Qxe4 $19) 32... gxf6 $19 33. fxe4 Qxe4 {[#]} 34. Rc8+ $2 Kg7
35. f3 Qxf3 36. h3 Ne2+ 37. Kh2 Qg3+ 38. Kh1 Qxh3#) ({White could be saved by:
} 30. Bf1 $1 {One more confirmation to the Lasker's middlegame rule that at
doublled Pf3+Pf2 , White is still with good castling if h2-h3 was not played
yet.} Rxd2 31. Qxd2 Qxf3 32. Rc3 $1 Bb4 33. Rxf3 Bxd2 34. Rg3 Nh5 35. Rd3 $15)
(30. Rc4 $142 $5 {Donev}) ({King: However,} 30. Rc4 {King is 'unclear'
according to Kasparov.  A few further thoughts on the matter:} Nh3+ (30... Rxd3
31. Rxf4 Rxd2 32. Qxd2 gxf6 33. Rg4+ Kh7 34. Qd7 (34. Qc2+ Kh8 35. Qxc5 (35.
Qd2 Bf8) 35... Qxf3 $19) 34... Kh8 35. Qxf7 Re1+ 36. Kg2 Qf8 $17) (30... gxf6
31. Rxf4) 31. Kg2 Rxd3 32. Rxd3 Nxf2 33. Qc2 Nxd3 (33... Ba7 $2 34. Rdc3) 34.
Qxd3 gxf6 (34... Bf8 35. Bc3 $11) 35. Rxc5 $11) 30... Bb4 31. Rc3 Bxc3 32. bxc3
Red8 0-1